Statistiche per 100 città piu grandi d'Italia nella mappa

Clicka qui per fare il quiz!

Statistiche generali

  • Questo quiz è stato fatto 2.341 volte
  • Il punteggio medio è 60 su 100

Risposte nella Mappa

Le risposte nella mappa del quiz sottostante sono codificate secondo una scala di colori dal rosso al verde in base alla % di persone che hanno risposto correttamente.
Caricamento ...
 

Statistiche sulle risposte

PopolazioneCittà% Corretto
2,87 milRoma
99%
966 kNapoli
98%
1,37 milMilano
98%
883 kTorino
97%
668 kPalermo
97%
381 kFirenze
97%
580 kGenova
96%
261 kVenezia
96%
389 kBologna
95%
323 kBari
95%
154 kCagliari
94%
202 kTrieste
91%
118 kTrento
90%
312 kCatania
88%
257 kVerona
88%
90,1 kPisa
87%
181 kReggio Calabria
86%
166 kPerugia
86%
121 kBergamo
84%
101 kAncona
84%
234 kMessina
82%
149 kRimini
82%
99,5 kUdine
81%
107 kBolzano
81%
197 kBrescia
81%
95,4 kLecce
81%
172 kReggio Emilia
80%
158 kLivorno
79%
196 kParma
78%
134 kSalerno
78%
67,2 kPotenza
77%
210 kPadova
77%
127 kSassari
76%
89,7 kCatanzaro
75%
69,4 kL'Aquila
74%
126 kLatina
74%
119 kPescara
74%
198 kTaranto
74%
185 kModena
73%
151 kFoggia
73%
94,0 kAlessandria
71%
93,3 kLa Spezia
71%
112 kVicenza
69%
83,3 kComo
69%
122 kSiracusa
69%
159 kRavenna
69%
103 kPiacenza
68%
75,6 kCaserta
68%
67,9 kTrapani
67%
132 kFerrara
66%
87,1 kBrindisi
64%
124 kMonza
64%
193 kPrato
64%
82,0 kGrosseto
64%
111 kTerni
63%
76,2 kAsti
63%
67,2 kCosenza
61%
89,2 kLucca
61%
72,8 kPavia
60%
63,9 kCrotone
60%
104 kNovara
60%
85,0 kTreviso
60%
67,8 kViterbo
59%
95,0 kPesaro
59%
72,1 kCremona
58%
99,5 kArezzo
58%
118 kForlì
57%
80,5 kVarese
57%
73,6 kRagusa
57%
62,3 kCaltanissetta
52%
96,8 kCesena
50%
69,0 kMassa
50%
90,2 kPistoia
48%
94,5 kBarletta
47%
99,9 kAndria
42%
62,5 kCarrara
38%
69,9 kImola
27%
81,8 kSesto San Giovanni
24%
124 kGiugliano in
Campania
23%
83,4 kBusto Arsizio
22%
74,9 kGela
22%
71,1 kCarpi
18%
82,8 kMarsala
18%
65,9 kCastellammare
di Stabia
17%
61,0 kFano
17%
70,8 kLamezia Terme
17%
75,7 kCinisello Balsamo
17%
79,6 kFiumicino
17%
85,3 kTorre del Greco
16%
81,1 kPozzuoli
16%
70,9 kQuartu Sant'Elena
15%
62,1 kViareggio
15%
64,8 kAfragola
14%
89,3 kGuidonia Montecelio
12%
63,1 kVigevano
12%
70,5 kAltamura
12%
74,2 kAprilia
11%
64,2 kVittoria
11%
63,6 kPomezia
11%
77,1 kCasoria
10%

Distribuzione punteggi

Percentile per numero di risposta

Percentuale di utenti per punteggio

I tuoi punteggi nel tempo

Non hai fatto questo quiz